Jak dobrze znasz Maxplaiera? - Statystyki

Ogólne statystyki
  • Ten quiz został rozwiązany 351 razy
  • Średni wynik to 6 z 15
Statystyki odpowiedzi
Zagadnienie Odpowiedź % Poprawnych
[ŁATWY] Jak się wabi jego Kot? Kikut
75%
[ŁATWY] Jak się nazywa Maxplaier? Maks Kielar
73%
[ŚREDNI] Wiele razy mówił na swoich filmach, że posiada w swojej kolekcji obejrzanych Anime, ten swój numer 1, który jest też prawdopodobnie jego ulubioną bajką z dzieciństwa, a jaka to? Dragon Ball
64%
[ŁATWY] Jaki gatunek gry Max lubi najbardziej? Horror
63%
[ŁATWY] Z kim mieszkał Maxplaier przed zamieszkaniem z Chuckenem? Sam mieszkał
56%
[ŚREDNI] Czego panicznie boi się Max? Pająków
53%
[TRUDNE] Na co cierpi Maxplaier? Bezsenność
40%
[ŚREDNI] Z jakiej gry nagrał Max odcinek, który posiada najwięcej wyświetleń na swoim kanale? Gang beasts
36%
[TRUDNY] Ile Max nagrał ogólnie swoich filmów na yt? 2,9k
27%
[TRUDNY] Jaka pierwsza osoba pojawiła się na jego kanale? Marcin
27%
[TRUDNY] Kiedy Max nagrał swój film na yt z kamerką? Wrzesień 2013
27%
[ŚREDNI] W którym roku Max założył swój kanał na YT? 2013
25%
[ŁATWY] Ile ma subskrybcji na swoim kanale YouTube? 240 tys.
23%
[TRUDNY] Na pewno pamiętacie, że wraz z Kapitanem Bladeuszem Max nagrał 2 challenge ( Pizza i papryczka piri piri ) A jaką wtedy nagrali razem grę? Podpowiedź: nagrał to też Max z Marcinem. Soccer Physics
23%
[ŚREDNI] Przez jaką sytuację Max zaczął nagrywać filmy na portalu YT? Gdy zrobił swoje na królewskim tronie
16%
Nie znaleziono quizów pasujących do podanych kryteriów
Rozkład punktacji
Procent ludzi z każdym wynikiem
Percentyl według liczby udzielonych odpowiedzi
Twoja historia wyników
Nie rozwiązałeś tego quizu